000 00338pam a2200157a 44500
008 230515b2008 xxu||||| |||| 00| 0 eng d
020 _aNULL
041 _aENGLISH
082 _a630
100 _aJURINARKAR S B
245 _aMECHANICS OF STRUCTURES
250 _a0
260 _aBOMBAY
_bNA
_c2008
300 _a981
650 _aNULL
999 _c636134
_d636134